| 000 | 006000000a22002050004500 | ||
|---|---|---|---|
| 003 | LK-CoMWRAF | ||
| 005 | 20231229002801.0 | ||
| 008 | 230817t1999 ||||| |||| 00| 0 eng d | ||
| 020 | _a9559676407 | ||
| 040 |
_aLK-CoMWRAF _dLK-CoMWRAF _eLK-CoMWRAF |
||
| 041 | _atam | ||
| 082 |
_a894.8111 _bSHI |
||
| 100 |
_aசிஹாப்தீன், அஷ்ரப் _vShihabdeen, Ashraff |
||
| 242 | _aKaanaamal Ponavarhal | ||
| 245 | _aகானாமல் போனவர்கள் | ||
| 260 |
_aValaichenai: _bYaathra, _c1999 |
||
| 300 | _axxxii., 113 p. | ||
| 650 | _aTAMIL POEMS | ||
| 942 | _cBK | ||
| 999 |
_c3077 _d3077 |
||